00521nam a22001697a 450000500170000001000150001702000260003203500130005803700130007108200150008424500890009926000380018827000520022630000250027850000200030370000280032320131218111921.0 aENG-108861 a9788192563657c950.00 aEN-92394 bDBAD/PUB a305.420954 aEmpowering rural women entrepreneurship in India /cedited by Suman Kalyan Chaudhury aNew DelhibS.K. Book Agencyc2013 a5A/12, Ansari Road DaryaganjbNew Delhie110002 axii,259p. c22cm(Hb) aIncludes index aChaudhury, Suman Kalyan